| 000 | 02256nam0a2200349 i 4500 | ||
|---|---|---|---|
| 001 | RU\NLR\BIBL_A\010201168 | ||
| 005 | 20260408113406.0 | ||
| 010 |
_a9785859219599 _9100 |
||
| 021 |
_aRU _b2013-106481 _97404 |
||
| 035 | _a(NILC)RuMoRGB-006721423 | ||
| 035 | _a(NLR Aleph) 010201168 | ||
| 090 |
_a10244501 _c10244501 |
||
| 100 | _a20140306d2012 km y0rusy50 ca | ||
| 101 | 0 |
_arus _aeng _afre |
|
| 102 | _aRU | ||
| 105 | _ay z 100yy | ||
| 200 | 1 |
_aМолодежь XXI века: образование, наука, инновации _eматериалы I научно-практической конференции студентов факультета иностранных языков (Новосибирск, 20-21 ноября 2012 г.) _fФГБОУ ВПО "Новосибирский гос. пед. ун-т", Пед. ун-т, Фак. иностранных яз. ФГБОУ ВПО "НГПУ" _g[редкол.: Л. П. Полянская, к.филол.н. (гл. ред.) и др.] |
|
| 210 |
_aНовосибирск _cГаудеамус _d2012 |
||
| 215 |
_a246, [1] с. _d20 |
||
| 300 | _aТекст рус., англ., фр. яз. | ||
| 601 | 0 | 2 |
_aНовосибирский государственный педагогический университет _bФакультет иностранных языков _jСъезды, совещания и т.п _xНаучно-исследовательская работа студентов _92215009 _3RU\NLR\AUTH\6601563967 |
| 606 |
_aИностранные языки _jСъезды, совещания и т.п _xПреподавание _91409738 _3RU\NLR\AUTH\66282140 |
||
| 686 | 1 | _aЧ486.17(2Р)я431 | |
| 686 | 1 | _aЧ489.612.68я431 | |
| 702 | 1 |
_aПолянская _bЛ. П. _gЛюдмила Павловна _4340 |
|
| 711 | 0 | 2 |
_aНовосибирский государственный педагогический университет _bФакультет иностранных языков _bНаучно-практическая конференция студентов _d1 _f2012 _9394951 _3RU\NLR\AUTH\880363991 |
| 801 | 0 |
_aRU _bRuMoRKP _c20131230 _gRCR |
|
| 801 | 2 |
_aRU _bРГБ _c20140124 _grcr |
|
| 942 | _cBOOK | ||
| 980 | _aNBR | ||